[Event "POL-chT3 Kujawsko Pomorskie 1314"]
[Site "Poland"]
[Date "2013.??.??"]
[Round "4.25"]
[White "Waszkowska, Karolina"]
[Black "Stefanska, Katarzyna"]
[Result "1/2-1/2"]
[WhiteElo "1349"]
[BlackElo "1452"]
[PlyCount "72"]
[EventDate "2013.11.03"]
[EventType "team-tourn"]
[EventRounds "11"]
[EventCountry "POL"]
[SourceTitle "EXT 2015"]
[Source "ChessBase"]
[SourceDate "2014.11.20"]
[SourceVersion "1"]
[SourceVersionDate "2014.11.20"]
[SourceQuality "1"]
[WhiteTeam "Swiecie Gambit"]
[BlackTeam "Wloclawek 1938"]
[WhiteTeamCountry "POL"]
[BlackTeamCountry "POL"]

1. e4 c5 2. Nf3 d6 3. d4 cxd4 4. Nxd4 Nf6 5. Nc3 e6 6. Be2 a6 7. 0-0 Be7 8. Bg5 0-0 9. Re1 h6 10. Bh4 Qc7 11. Bg3 Nbd7 12. Bd3 b5 13. a3 Qb6 14. Nf3 Bb7 15. h3 e5 16. Qd2 Nc5 17. Bh4 Nxd3 18. Qxd3 Rac8 19. Rac1 g5 20. Bg3 b4 21. axb4 Qxb4 22. Rb1 Rc4 23. Nd2 Rd4 24. Qe3 Bd8 25. f3 Bb6 26. Bf2 Nh5 27. Qe2 Nf4 28. Qd1 Qc5 29. Ne2 Rxd2 30. Bxc5 Bxc5+ 31. Kf1 Rxd1 32. Rexd1 Nxe2 33. Kxe2 Rd8 34. c3 Kf8 35. b4 Bb6 36. Kf1 Ke7 1/2-1/2